000 00897nam a2200241Ia 4500
003 GCL
008 140319s9999 xx 000 0 ara d
020 _a1855346977
040 _aGCL /
_cGCL
082 0 4 _a214.32
_bم س
100 1 _aمنصور عبدالحكيم
245 1 0 _aالسيناريو القادم لاحداث اخر الزمان :
_bقراءة دينية سياسية معاصرة للواقع واحداثة /
_cمنصور عبدالحكيم
260 _aالقاهرة :
_bدار الكتاب العربى ،
_c2004
300 _a207ص ؛
_c25 سم
490 _aاحداث اخر الزمان
_v0
650 0 4 _aالحروب الصليبية
650 0 4 _aالثقافة الاسلامية
650 0 4 _aالمسيخ الدجال
650 0 4 _aالمهدى المنتظر
650 0 4 _aاهل السنة
650 0 4 _aاحداث 11 سبتمبر
942 _2ddc
_cBK
999 _c51143
_d51143